[Event "43. Olimpiada Batumi 2018 Femenina"]
[Site "Batumi GEO"]
[Date "2018.10.01"]
[Round "7.3"]
[White "Rosario Almanzar, Raydily"]
[Black "Raharimanana, Faratiana"]
[Result "1/2-1/2"]
[WhiteElo "1755"]
[BlackElo "1660"]
[PlyCount "96"]
[EventDate "2018.09.24"]
[EventType "team-swiss"]
[EventRounds "11"]
[EventCountry "GEO"]
[SourceTitle "Ajedrez en Madrid"]
[Source "lmi"]
[SourceDate "2018.09.24"]
[WhiteTeam "Dominican Republic"]
[BlackTeam "Madagascar"]
[WhiteTeamCountry "DOM"]
[BlackTeamCountry "MAD"]

1. d4 d5 2. c4 c6 3. Nf3 Nf6 4. Nc3 e6 5. cxd5 exd5 6. Bf4 Bd6 7. Bxd6 Qxd6 8.
Qc2 O-O 9. e3 Re8 10. Bd3 h6 11. h3 a6 12. O-O c5 13. dxc5 Qxc5 14. Rfd1 Qc6
15. Rac1 Kh8 16. b4 Qd6 17. b5 b6 18. e4 Qe6 19. Nxd5 Nxd5 20. exd5 Qd7 21. Ne5
Rxe5 22. Qxc8+ Re8 23. Qxd7 Nxd7 24. bxa6 Nc5 25. d6 Red8 26. Bb5 Nxa6 27. Bxa6
Rxa6 28. d7 Raa8 29. Rc6 Kg8 30. Rxb6 Rxa2 31. Rc6 Raa8 32. Kf1 Kf8 33. Rd3 Ke7
34. Rc7 Ra6 35. Rg3 g6 36. Re3+ Re6 37. Rxe6+ Kxe6 38. Ke2 Rxd7 39. Rxd7 Kxd7
40. Ke3 Ke7 41. Ke4 Ke6 42. g4 f6 43. f4 f5+ 44. gxf5+ gxf5+ 45. Kd4 Kd6 46.
Kc4 Kc6 47. Kd4 Kd6 48. Kc4 Kc6 1/2-1/2

[Event "43. Olimpiada Batumi 2018 Femenina"]
[Site "Batumi GEO"]
[Date "2018.10.01"]
[Round "7.4"]
[White "Andriantsiferana, Irina"]
[Black "Villar Acevedo, Darlin Rocio"]
[Result "1/2-1/2"]
[WhiteElo "1540"]
[BlackElo "1765"]
[PlyCount "112"]
[EventDate "2018.09.24"]
[EventType "team-swiss"]
[EventRounds "11"]
[EventCountry "GEO"]
[SourceTitle "Ajedrez en Madrid"]
[Source "lmi"]
[SourceDate "2018.09.24"]
[WhiteTeam "Madagascar"]
[BlackTeam "Dominican Republic"]
[WhiteTeamCountry "MAD"]
[BlackTeamCountry "DOM"]

1. e4 c6 2. d4 d5 3. e5 Bf5 4. Bd3 Bxd3 5. Qxd3 e6 6. Be3 Ne7 7. Nd2 Nf5 8. c3
Nd7 9. Ngf3 Qc7 10. Nf1 c5 11. Rc1 c4 12. Qc2 Be7 13. Bd2 b5 14. Ne3 Nxe3 15.
Bxe3 b4 16. O-O bxc3 17. bxc3 O-O 18. Nd2 Rab8 19. Rb1 Rxb1 20. Rxb1 Rb8 21. f4
Rxb1+ 22. Qxb1 Qb6 23. Qxb6 Nxb6 24. Nb1 Na4 25. Bc1 f6 26. Kf1 Kf7 27. Ke2 a6
28. Kf3 Kg6 29. Ke2 Kh5 30. Kf3 Kg6 31. Ke2 h5 32. g3 fxe5 33. fxe5 Bg5 34. Ba3
h4 35. g4 h3 36. Kf3 Bh4 37. Ke2 Kf7 38. Kf3 a5 39. Ke2 Ke8 40. Kf1 Kf7 41. Bc1
Kg6 42. Ke2 Kf7 43. Kf1 Kg6 44. Ke2 Be7 45. Kf3 Bh4 46. Ke2 Bg5 47. Bxg5 Kxg5
48. Kf3 Kh4 49. Kf4 Nb2 50. Nd2 g5+ 51. Kf3 Nd3 52. Nb1 Ne1+ 53. Kf2 Nd3+ 54.
Kf3 Ne1+ 55. Kf2 Nd3+ 56. Kf3 Ne1+ 1/2-1/2

[Event "43. Olimpiada Batumi 2018 Femenina"]
[Site "Batumi GEO"]
[Date "2018.10.01"]
[Round "7.1"]
[White "Abeysinghe, H M H Janandani"]
[Black "Shih, Ching-An"]
[Result "1/2-1/2"]
[WhiteElo "1678"]
[BlackElo "1546"]
[PlyCount "94"]
[EventDate "2018.09.24"]
[EventType "team-swiss"]
[EventRounds "11"]
[EventCountry "GEO"]
[SourceTitle "Ajedrez en Madrid"]
[Source "lmi"]
[SourceDate "2018.09.24"]
[WhiteTeam "Sri Lanka"]
[BlackTeam "Chinese Taipei"]
[WhiteTeamCountry "SRI"]

1. e4 e5 2. Nf3 d6 3. Bc4 Be7 4. c3 Nf6 5. d3 O-O 6. Nbd2 Nc6 7. h3 Na5 8. O-O
Nxc4 9. Nxc4 h6 10. Ne3 Re8 11. Re1 Bf8 12. Qb3 c6 13. Nf5 Bxf5 14. exf5 Qc7
15. Be3 b6 16. Qc2 d5 17. d4 e4 18. Nh4 Be7 19. g3 Qd7 20. Qe2 Nh7 21. Qg4 Bxh4
22. gxh4 Nf6 23. Qf4 Rad8 24. Bd2 Re7 25. Kh1 Kh7 26. Rg1 Ng8 27. Qg4 f6 28.
Qg6+ Kh8 29. Rg3 Qe8 30. Qg4 Rdd7 31. Rag1 Qc8 32. Qh5 Qf8 33. Rg6 Kh7 34. a3
Rf7 35. Be3 c5 36. Bd2 c4 37. Bf4 b5 38. f3 Rfe7 39. fxe4 Rxe4 40. Bc1 a5 41.
R6g4 Rxg4 42. hxg4 Qe7 43. g5 Qe4+ 44. Kh2 Qc2+ 45. Kh1 Qe4+ 46. Kh2 Qc2+ 47.
Kh1 Qe4+ 1/2-1/2

[Event "43. Olimpiada Batumi 2018 Femenina"]
[Site "Batumi GEO"]
[Date "2018.10.01"]
[Round "7.2"]
[White "Wong, Linda Jane"]
[Black "Premanath, Dinushki"]
[Result "0-1"]
[WhiteElo "1378"]
[BlackElo "1813"]
[PlyCount "100"]
[EventDate "2018.09.24"]
[EventType "team-swiss"]
[EventRounds "11"]
[EventCountry "GEO"]
[SourceTitle "Ajedrez en Madrid"]
[Source "lmi"]
[SourceDate "2018.09.24"]
[WhiteTeam "Chinese Taipei"]
[BlackTeam "Sri Lanka"]
[BlackTeamCountry "SRI"]

1. d4 Nf6 2. c4 e6 3. Nf3 b6 4. Nc3 Bb4 5. Qb3 c5 6. dxc5 Bxc5 7. Bg5 Bb7 8.
Qc2 Be7 9. h4 Nc6 10. a3 Rc8 11. e3 d6 12. Be2 a6 13. Rd1 Qc7 14. O-O h6 15.
Bxf6 Bxf6 16. Ne4 Be7 17. Qd2 Rd8 18. Qc1 O-O 19. Nc3 Na5 20. Na4 Rc8 21. b4
Nxc4 22. Bxc4 Qxc4 23. Nxb6 Qg4 24. Rd4 Rxc1 25. Rxg4 Rc3 26. a4 Bxf3 27. gxf3
Rb8 28. a5 Bd8 29. Rc4 Rxc4 30. Nxc4 Rxb4 31. Nxd6 Be7 32. Ne4 f5 33. Ng3 Bxh4
34. e4 fxe4 35. Nxe4 Rb5 36. Ra1 Be7 37. Ra4 Bb4 38. Kg2 Kf8 39. Ra2 Rxa5 40.
Rxa5 Bxa5 41. Nc5 Bb4 42. Nxe6+ Kf7 43. Nd8+ Kf6 44. Nc6 Bc3 45. Na7 a5 46. Nb5
Bb2 47. Nc7 Ke5 48. Kg3 a4 49. f4+ Kd6 50. Na6 Bc3 0-1

[Event "43. Olimpiada Batumi 2018 Femenina"]
[Site "Batumi GEO"]
[Date "2018.10.01"]
[Round "7.3"]
[White "Ranasinghe, S D."]
[Black "Wang, Mi"]
[Result "1-0"]
[WhiteElo "1785"]
[BlackElo "1585"]
[PlyCount "61"]
[EventDate "2018.09.24"]
[EventType "team-swiss"]
[EventRounds "11"]
[EventCountry "GEO"]
[SourceTitle "Ajedrez en Madrid"]
[Source "lmi"]
[SourceDate "2018.09.24"]
[WhiteTeam "Sri Lanka"]
[BlackTeam "Chinese Taipei"]
[WhiteTeamCountry "SRI"]

1. Nf3 Nf6 2. g3 g6 3. Bg2 Bg7 4. O-O O-O 5. d4 d6 6. b3 c6 7. Bb2 Bg4 8. h3
Bf5 9. Nbd2 Nbd7 10. Nh4 Be6 11. e4 Nb6 12. Kh2 Nh5 13. f4 Bh8 14. f5 Bd7 15.
c4 e5 16. c5 dxc5 17. dxc5 Nc8 18. Rc1 Qg5 19. Rc3 Nxg3 20. Rxg3 Qxh4 21. Nc4
Qe7 22. Qf3 Bf6 23. Qe3 Bh4 24. Rg4 h5 25. Rxh4 Qxh4 26. Nxe5 Bxf5 27. exf5 g5
28. Nd7 Ne7 29. Qxe7 f6 30. Nxf6+ Rxf6 31. Qxf6 1-0

[Event "43. Olimpiada Batumi 2018 Femenina"]
[Site "Batumi GEO"]
[Date "2018.10.01"]
[Round "7.4"]
[White "Cho, Hung-Ling"]
[Black "De Silva, Tenara"]
[Result "1-0"]
[WhiteElo "1575"]
[BlackElo "1764"]
[PlyCount "43"]
[EventDate "2018.09.24"]
[EventType "team-swiss"]
[EventRounds "11"]
[EventCountry "GEO"]
[SourceTitle "Ajedrez en Madrid"]
[Source "lmi"]
[SourceDate "2018.09.24"]
[WhiteTeam "Chinese Taipei"]
[BlackTeam "Sri Lanka"]
[BlackTeamCountry "SRI"]

1. f4 Nf6 2. Nf3 d5 3. e3 g6 4. b3 Bg7 5. Bb2 c5 6. Bb5+ Bd7 7. Bxd7+ Nbxd7 8.
d3 Qc7 9. Nbd2 O-O 10. O-O Rfe8 11. Re1 b5 12. c4 bxc4 13. dxc4 Nb6 14. cxd5
Nfxd5 15. Bxg7 Kxg7 16. Nc4 Red8 17. Qc2 f6 18. a3 Rac8 19. Rac1 Qd7 20. Qb2 h6
21. Qe2 Kf7 22. Nce5+ 1-0

[Event "43. Olimpiada Batumi 2018 Femenina"]
[Site "Batumi GEO"]
[Date "2018.10.01"]
[Round "7.1"]
[White "Mayar ElIdrissi, Firdaous"]
[Black "Girmay, Feven Gebremeskel"]
[Result "1-0"]
[WhiteElo "1797"]
[BlackElo "1483"]
[PlyCount "94"]
[EventDate "2018.09.24"]
[EventType "team-swiss"]
[EventRounds "11"]
[EventCountry "GEO"]
[SourceTitle "Ajedrez en Madrid"]
[Source "lmi"]
[SourceDate "2018.09.24"]
[WhiteTeam "Morocco"]
[BlackTeam "Ethiopia"]
[WhiteTeamCountry "MAR"]
[BlackTeamCountry "ETH"]

1. e4 c5 2. d3 Nc6 3. f4 d6 4. Nf3 Bg4 5. c3 Nf6 6. g3 e6 7. Bg2 Be7 8. O-O O-O
9. h3 Bxf3 10. Qxf3 Nd7 11. Be3 f5 12. Nd2 Rc8 13. Rae1 e5 14. exf5 Rxf5 15.
Qg4 g6 16. Bd5+ Kg7 17. Ne4 Nf6 18. Nxf6 Rxf6 19. f5 Rf8 20. fxg6 hxg6 21. Be4
Qe8 22. Kh2 Bf6 23. Rf2 Ne7 24. c4 b6 25. Ref1 Rd8 26. h4 d5 27. cxd5 Nxd5 28.
Bc1 Ne7 29. h5 Rd6 30. Kg2 a6 31. Bg5 Ng8 32. Bxg6 Qe7 33. Be4 Kf7 34. Bxf6
Rxf6 35. Bd5+ Ke8 36. Bxg8 Qb7+ 37. Kg1 Rxf2 38. Rxf2 Rxf2 39. Kxf2 Qh1 40.
Qe6+ Kd8 41. Qd5+ Qxd5 42. Bxd5 Ke7 43. g4 Kf6 44. Ke3 b5 45. Ke4 a5 46. b3 Kg5
47. Kxe5 Kxg4 1-0

[Event "43. Olimpiada Batumi 2018 Femenina"]
[Site "Batumi GEO"]
[Date "2018.10.01"]
[Round "7.2"]
[White "Haile, Lidet Abate"]
[Black "Makhlouf, Ahlam"]
[Result "1-0"]
[WhiteElo "1544"]
[BlackElo "1408"]
[PlyCount "85"]
[EventDate "2018.09.24"]
[EventType "team-swiss"]
[EventRounds "11"]
[EventCountry "GEO"]
[SourceTitle "Ajedrez en Madrid"]
[Source "lmi"]
[SourceDate "2018.09.24"]
[WhiteTeam "Ethiopia"]
[BlackTeam "Morocco"]
[WhiteTeamCountry "ETH"]
[BlackTeamCountry "MAR"]

1. e4 e5 2. Nf3 Nc6 3. Bc4 Bc5 4. Nc3 d6 5. h3 Be6 6. Be2 Nf6 7. d3 h6 8. a3 a6
9. O-O Qd7 10. Nh2 g5 11. Be3 Bd4 12. Qe1 g4 13. hxg4 Nxg4 14. Nxg4 Bxg4 15.
Nd5 O-O-O 16. Nf6 Qe7 17. Bxg4+ Kb8 18. Nd5 Qh4 19. Bf3 Rdg8 20. g3 h5 21. Kg2
Qd8 22. Rh1 h4 23. c3 Bxe3 24. Nxe3 Qg5 25. Rh3 Nd8 26. Kf1 Ne6 27. Ke2 hxg3
28. Rxg3 Nf4+ 29. Kd2 Qh4 30. Nf5 Qh2 31. Qg1 Rxg3 32. Qxg3 Rh3 33. Qxh2 Rxh2
34. Ke3 Rh3 35. Ng3 Ka7 36. Rh1 Rxh1 37. Nxh1 Kb6 38. Ng3 Ka5 39. b3 c5 40. Nf5
Ne6 41. Nxd6 Nd8 42. Nc4+ Kb5 43. Nxe5 1-0

[Event "43. Olimpiada Batumi 2018 Femenina"]
[Site "Batumi GEO"]
[Date "2018.10.01"]
[Round "7.3"]
[White "Ibrahimi, Khadija"]
[Black "Eshete, Ruth Leykun"]
[Result "0-1"]
[WhiteElo "1531"]
[BlackElo "1508"]
[PlyCount "62"]
[EventDate "2018.09.24"]
[EventType "team-swiss"]
[EventRounds "11"]
[EventCountry "GEO"]
[SourceTitle "Ajedrez en Madrid"]
[Source "lmi"]
[SourceDate "2018.09.24"]
[WhiteTeam "Morocco"]
[BlackTeam "Ethiopia"]
[WhiteTeamCountry "MAR"]
[BlackTeamCountry "ETH"]

1. d4 d5 2. c4 e6 3. Nc3 Nf6 4. Bg5 Be7 5. c5 b6 6. b4 Nc6 7. Nf3 O-O 8. a3 a5
9. b5 Na7 10. c6 Ne4 11. Bxe7 Qxe7 12. Nxe4 dxe4 13. Nd2 Nxb5 14. Qa4 Nd6 15.
e3 Qg5 16. g3 Qd5 17. Qc2 Ba6 18. a4 Bd3 19. Qc3 Bxf1 20. Rxf1 Rfe8 21. f3 e5
22. dxe5 Rxe5 23. f4 Re6 24. Nb3 Nf5 25. Rc1 Rd8 26. g4 Ne7 27. Nd4 Rh6 28. Rc2
Rdd6 29. g5 Rh3 30. f5 f6 31. Ne6 Qd1+ 0-1

[Event "43. Olimpiada Batumi 2018 Femenina"]
[Site "Batumi GEO"]
[Date "2018.10.01"]
[Round "7.4"]
[White "Bantiwalu, Aster Melake"]
[Black "Alaoui Belghiti, Chaimaa"]
[Result "0-1"]
[WhiteElo "1365"]
[BlackElo "1689"]
[PlyCount "86"]
[EventDate "2018.09.24"]
[EventType "team-swiss"]
[EventRounds "11"]
[EventCountry "GEO"]
[SourceTitle "Ajedrez en Madrid"]
[Source "lmi"]
[SourceDate "2018.09.24"]
[WhiteTeam "Ethiopia"]
[BlackTeam "Morocco"]
[WhiteTeamCountry "ETH"]
[BlackTeamCountry "MAR"]

1. e4 c6 2. Nc3 d5 3. d3 d4 4. Nce2 Nf6 5. Nf3 e5 6. h3 Bd6 7. c3 c5 8. Bg5
Nbd7 9. Bd2 Nf8 10. Ng3 Ng6 11. Qb3 Qc7 12. Rc1 Be6 13. Qd1 Qd8 14. Ng5 O-O 15.
a3 Qb6 16. Qc2 Bb3 17. Qb1 Rac8 18. Nf5 Nh5 19. c4 Qd8 20. Qa1 Ba4 21. Qa2 Bb8
22. b3 Bd7 23. Ng3 Nhf4 24. Nf3 f5 25. b4 b6 26. bxc5 bxc5 27. Qb3 Qf6 28. Qb7
Rc7 29. Qb3 h5 30. Ba5 Rcc8 31. Bd2 h4 32. Ne2 Bc6 33. Qc2 fxe4 34. Nxf4 exf3
35. Nd5 Bxd5 36. cxd5 fxg2 37. Bxg2 Qxf2+ 38. Kd1 Qxg2 39. Re1 Rf2 40. Qa2 Qf3+
41. Kc2 Kh7 42. Qc4 Nf4 43. Rxe5 Bxe5 0-1

[Event "43. Olimpiada Batumi 2018 Femenina"]
[Site "Batumi GEO"]
[Date "2018.10.01"]
[Round "7.1"]
[White "Dornbusch, Tatiana"]
[Black "Ahmad Murad, Fatema Alzahraa"]
[Result "1/2-1/2"]
[WhiteElo "2271"]
[BlackElo "1649"]
[PlyCount "117"]
[EventDate "2018.09.24"]
[EventType "team-swiss"]
[EventRounds "11"]
[EventCountry "GEO"]
[SourceTitle "Ajedrez en Madrid"]
[Source "lmi"]
[SourceDate "2018.09.24"]
[WhiteTeam "Monaco"]
[BlackTeam "Syria"]
[WhiteTeamCountry "MNC"]
[BlackTeamCountry "SYR"]

1. d4 d5 2. c4 c6 3. Nf3 Nf6 4. e3 e6 5. Nc3 Bb4 6. Qb3 Ba5 7. Bd3 O-O 8. O-O
Nbd7 9. Bd2 Bc7 10. Rad1 dxc4 11. Bxc4 b5 12. Bd3 a6 13. Ne4 Nxe4 14. Bxe4 Bb7
15. Qc2 Nf6 16. Bxc6 Rc8 17. Rc1 Bxc6 18. Qxc6 Bxh2+ 19. Nxh2 Rxc6 20. Rxc6 Qd5
21. Rxa6 Rc8 22. Rc1 Rxc1+ 23. Bxc1 Ne4 24. f3 Qb7 25. Ra3 Nd6 26. Rc3 h5 27.
a3 b4 28. axb4 Qxb4 29. Nf1 Nc4 30. Rc2 g6 31. Kf2 Nd6 32. Nd2 Qb5 33. Rc5 Qd3
34. Rc3 Qf5 35. Rc6 Qd5 36. Rc5 Qb7 37. b3 Nf5 38. Rc3 Ne7 39. Bb2 Nd5 40. Rc1
Qb4 41. Rc8+ Kg7 42. Rc2 Qb6 43. Ba3 Qa6 44. Nc4 Qb5 45. Rb2 Nb6 46. Nxb6 Qxb6
47. Bc5 Qb5 48. b4 Qc4 49. b5 Qc3 50. Re2 Qb3 51. b6 f6 52. e4 Kf7 53. Rd2 Qc3
54. Ke2 e5 55. Kd1 g5 56. Ke2 h4 57. Rd3 Qc2+ 58. Rd2 Qc3 59. Rd3 1/2-1/2

[Event "43. Olimpiada Batumi 2018 Femenina"]
[Site "Batumi GEO"]
[Date "2018.10.01"]
[Round "7.2"]
[White "Yazji, Mada"]
[Black "Jose Polanco, Kenia"]
[Result "0-1"]
[WhiteElo "1726"]
[BlackElo "1872"]
[PlyCount "76"]
[EventDate "2018.09.24"]
[EventType "team-swiss"]
[EventRounds "11"]
[EventCountry "GEO"]
[SourceTitle "Ajedrez en Madrid"]
[Source "lmi"]
[SourceDate "2018.09.24"]
[WhiteTeam "Syria"]
[BlackTeam "Monaco"]
[WhiteTeamCountry "SYR"]
[BlackTeamCountry "MNC"]

1. e4 c5 2. Nf3 g6 3. d4 cxd4 4. Nxd4 Bg7 5. Nc3 Nc6 6. Be3 Nf6 7. Bc4 O-O 8.
Bb3 Ng4 9. Nxc6 dxc6 10. Qxd8 Rxd8 11. Bc5 b6 12. Be3 Nxe3 13. fxe3 Ba6 14. Nd1
Rd7 15. a4 Rad8 16. c4 Rd2 17. O-O Bxb2 18. Nxb2 Rxb2 19. Rfd1 Rxd1+ 20. Bxd1
Bxc4 21. Bf3 Ra2 22. Rxa2 Bxa2 23. Bd1 Kg7 24. e5 Bd5 25. Bc2 c5 26. Kf2 Kf8
27. e4 Bc6 28. Ke3 Ke8 29. Kd3 f5 30. exf6 exf6 31. Kc4 Ke7 32. g3 Kd6 33. Kd3
Ke5 34. Ke3 c4 35. h3 h5 36. h4 a6 37. Kf3 f5 38. Ke3 Bxe4 0-1

[Event "43. Olimpiada Batumi 2018 Femenina"]
[Site "Batumi GEO"]
[Date "2018.10.01"]
[Round "7.3"]
[White "Berezovska, Svetlana"]
[Black "Alkaseer, Roaa"]
[Result "1-0"]
[WhiteElo "1812"]
[BlackElo "1708"]
[PlyCount "77"]
[EventDate "2018.09.24"]
[EventType "team-swiss"]
[EventRounds "11"]
[EventCountry "GEO"]
[SourceTitle "Ajedrez en Madrid"]
[Source "lmi"]
[SourceDate "2018.09.24"]
[WhiteTeam "Monaco"]
[BlackTeam "Syria"]
[WhiteTeamCountry "MNC"]
[BlackTeamCountry "SYR"]

1. e4 c5 2. Nf3 d6 3. d4 cxd4 4. Nxd4 Nf6 5. Nc3 a6 6. h3 e6 7. g4 Be7 8. Bg2
Qc7 9. Be3 Nc6 10. Qd2 Ne5 11. b3 d5 12. a3 dxe4 13. Nxe4 Nd5 14. f4 Nxe3 15.
Qxe3 Ng6 16. O-O O-O 17. f5 exf5 18. gxf5 Nh4 19. f6 Nxg2 20. Qg5 Bxf6 21.
Nxf6+ Kh8 22. Nh5 f6 23. Qxg2 Rg8 24. Rad1 Bd7 25. Nf4 Qc5 26. b4 Qb6 27. Qf2
g5 28. Nd5 Qa7 29. Qxf6+ Rg7 30. Rde1 Rag8 31. Re7 Bxh3 32. Rxg7 Rxg7 33. Qf8+
Rg8 34. Qf6+ Rg7 35. Re1 h5 36. Qf8+ Kh7 37. c3 b5 38. Re7 Rxe7 39. Nxe7 1-0

[Event "43. Olimpiada Batumi 2018 Femenina"]
[Site "Batumi GEO"]
[Date "2018.10.01"]
[Round "7.4"]
[White "Mahmoud, Roula"]
[Black "Lebel-Arias, Julia"]
[Result "1-0"]
[WhiteElo "1795"]
[BlackElo "1724"]
[PlyCount "149"]
[EventDate "2018.09.24"]
[EventType "team-swiss"]
[EventRounds "11"]
[EventCountry "GEO"]
[SourceTitle "Ajedrez en Madrid"]
[Source "lmi"]
[SourceDate "2018.09.24"]
[WhiteTeam "Syria"]
[BlackTeam "Monaco"]
[WhiteTeamCountry "SYR"]
[BlackTeamCountry "MNC"]

1. Nf3 g6 2. g3 Bg7 3. Bg2 c5 4. e4 Nc6 5. d3 Nh6 6. O-O d6 7. c3 O-O 8. Re1 f6
9. Nbd2 Nf7 10. Nf1 e5 11. Ne3 Be6 12. h4 Qd7 13. h5 Ng5 14. Nh4 Bf7 15. hxg6
hxg6 16. Nd5 Ne7 17. f4 Nxd5 18. fxg5 Ne7 19. gxf6 Bxf6 20. Bh6 Bg7 21. Qd2 Qg4
22. Kh2 Be6 23. Rf1 Rae8 24. Bg5 b5 25. Rxf8+ Bxf8 26. Rf1 Bg7 27. Bf6 Nc6 28.
Bg5 Ne7 29. b4 Kh7 30. bxc5 dxc5 31. Be3 Rc8 32. Rh1 Kg8 33. Bg5 Re8 34. Nf3
Nc6 35. Bh4 Rf8 36. Qe3 Bd7 37. Qxc5 Rxf3 38. Bxf3 Qxf3 39. Qd5+ Qf7 40. Rf1
Qxd5 41. exd5 Na5 42. Bd8 Nb7 43. Bc7 Nc5 44. Rf3 Bf5 45. d6 Nd7 46. c4 a6 47.
Kg1 Be6 48. cxb5 axb5 49. a3 Bd5 50. Rf1 e4 51. dxe4 Bd4+ 52. Kh2 Bxe4 53. Rf4
Bc6 54. Rxd4 Kf7 55. Kh3 Ke6 56. Kh4 Ke5 57. Rd2 Be4 58. Rb2 Bd3 59. Kg5 Ke6
60. Rb3 Nc5 61. Rb4 Kd7 62. Rh4 Ne4+ 63. Kg4 Nxd6 64. Bxd6 Kxd6 65. Kg5 Ke5 66.
a4 bxa4 67. Rxa4 Ke6 68. Rf4 Ke7 69. Rf6 Bc2 70. g4 Bd3 71. Rxg6 Kf7 72. Rd6
Bb5 73. Kh6 Ke7 74. Rb6 Be2 75. g5 1-0

[Event "43. Olimpiada Batumi 2018 Femenina"]
[Site "Batumi GEO"]
[Date "2018.10.01"]
[Round "7.1"]
[White "Vazquez Maccarini, Danitza"]
[Black "Caxita, Esperanca"]
[Result "1-0"]
[WhiteElo "2082"]
[BlackElo "1803"]
[PlyCount "91"]
[EventDate "2018.09.24"]
[EventType "team-swiss"]
[EventRounds "11"]
[EventCountry "GEO"]
[SourceTitle "Ajedrez en Madrid"]
[Source "lmi"]
[SourceDate "2018.09.24"]
[WhiteTeam "Puerto Rico"]
[BlackTeam "Angola"]
[WhiteTeamCountry "PUR"]
[BlackTeamCountry "ANG"]

1. e4 d5 2. exd5 Qxd5 3. Nc3 Qd6 4. d4 Nf6 5. Nf3 a6 6. Bd3 Nc6 7. O-O Bg4 8.
Ne4 Nxe4 9. Bxe4 f5 10. Bxc6+ Qxc6 11. d5 Qd6 12. c4 O-O-O 13. Qb3 e5 14. dxe6
Bxf3 15. Qxf3 Qxe6 16. Bg5 Re8 17. b4 Qe4 18. Qc3 Qe5 19. Qd2 Bd6 20. g3 Qe2
21. Qd5 Qe4 22. Qd2 h6 23. Be3 f4 24. Bd4 f3 25. c5 Qg4 26. Qd3 Ref8 27. Rfe1
Bf4 28. c6 Bd2 29. cxb7+ Kxb7 30. Red1 Qh3 31. Qf1 Qxf1+ 32. Kxf1 Bg5 33. Bxg7
Bf6 34. Bxh8 Bxh8 35. Rab1 Be5 36. Rb3 Bd6 37. Rdd3 Kb6 38. a3 Kb5 39. Rxf3
Rxf3 40. Rxf3 a5 41. Rf5+ c5 42. bxc5 Bxc5 43. Ke2 Kc4 44. Rxc5+ Kxc5 45. Kd3
Kb5 46. f4 1-0

[Event "43. Olimpiada Batumi 2018 Femenina"]
[Site "Batumi GEO"]
[Date "2018.10.01"]
[Round "7.2"]
[White "Pires, Luzia"]
[Black "Comas Colon, Rinelly M"]
[Result "1/2-1/2"]
[WhiteElo "1729"]
[BlackElo "1720"]
[PlyCount "116"]
[EventDate "2018.09.24"]
[EventType "team-swiss"]
[EventRounds "11"]
[EventCountry "GEO"]
[SourceTitle "Ajedrez en Madrid"]
[Source "lmi"]
[SourceDate "2018.09.24"]
[WhiteTeam "Angola"]
[BlackTeam "Puerto Rico"]
[WhiteTeamCountry "ANG"]
[BlackTeamCountry "PUR"]

1. d4 g6 2. e4 Bg7 3. c3 d6 4. h3 Nf6 5. Bd3 c5 6. Nf3 O-O 7. O-O cxd4 8. cxd4
Nc6 9. Be3 Nb4 10. Nc3 Nxd3 11. Qxd3 Bd7 12. Rac1 a6 13. Qd2 Rc8 14. Bh6 Bc6
15. Rfe1 b5 16. Bxg7 Kxg7 17. a3 d5 18. e5 Ne4 19. Nxe4 dxe4 20. Ng5 Bb7 21.
Rxc8 Qxc8 22. Nxe4 Qc6 23. f3 Rd8 24. Qb4 Qc7 25. Nc5 Bc8 26. Rc1 Qb6 27. Kh1
a5 28. Qc3 h5 29. Ne4 Bf5 30. Nc5 Kh7 31. Rd1 Rd5 32. Qb3 Qc6 33. Qc3 Qb6 34.
Nb3 a4 35. Nc5 Qd8 36. g4 hxg4 37. hxg4 Bc8 38. Kg2 Kg8 39. Qd3 Kg7 40. Ne4 f6
41. Nc3 Rd7 42. exf6+ exf6 43. Qxb5 Rxd4 44. Rxd4 Qxd4 45. Qd5 Qa7 46. Qe4 Qd7
47. Qc2 Bb7 48. Ne4 Bc6 49. Qd2 Qb7 50. Qd4 Qf7 51. g5 Bxe4 52. fxe4 Qe6 53.
Qa7+ Kg8 54. Qb8+ Kg7 55. Qc7+ Kg8 56. Qd8+ Kg7 57. gxf6+ Qxf6 58. Qd7+ Kh6
1/2-1/2

[Event "43. Olimpiada Batumi 2018 Femenina"]
[Site "Batumi GEO"]
[Date "2018.10.01"]
[Round "7.3"]
[White "Vega Jimenez, Keyshla M"]
[Black "Junior, Ednasia"]
[Result "1-0"]
[WhiteElo "1683"]
[BlackElo "1725"]
[PlyCount "87"]
[EventDate "2018.09.24"]
[EventType "team-swiss"]
[EventRounds "11"]
[EventCountry "GEO"]
[SourceTitle "Ajedrez en Madrid"]
[Source "lmi"]
[SourceDate "2018.09.24"]
[WhiteTeam "Puerto Rico"]
[BlackTeam "Angola"]
[WhiteTeamCountry "PUR"]
[BlackTeamCountry "ANG"]

1. e4 c5 2. Nf3 e6 3. d4 cxd4 4. Nxd4 a6 5. c4 Qc7 6. Nc3 Nf6 7. a3 Be7 8. Be2
Nc6 9. Nxc6 dxc6 10. O-O h6 11. Be3 O-O 12. f4 Kh8 13. e5 Ng8 14. Ne4 Rd8 15.
Qb3 b5 16. c5 f6 17. Nd6 Bf8 18. Rad1 Kh7 19. Qc2+ f5 20. g4 g6 21. Kh1 Ne7 22.
Rg1 Nd5 23. Qd2 Rd7 24. Bf3 Bb7 25. Rg2 Rg7 26. Rdg1 Rd8 27. h4 Ne7 28. Qe2 Bc8
29. h5 Nd5 30. hxg6+ Rxg6 31. gxf5 Rxg2 32. Qxg2 Qg7 33. Qxg7+ Bxg7 34. Bxd5
cxd5 35. Nxc8 Rxc8 36. fxe6 Re8 37. Rd1 Rxe6 38. Rxd5 Kg6 39. Kg2 Kf5 40. Rd6
Rxd6 41. cxd6 Ke6 42. Kf3 h5 43. Bf2 Bf8 44. Ke4 1-0

[Event "43. Olimpiada Batumi 2018 Femenina"]
[Site "Batumi GEO"]
[Date "2018.10.01"]
[Round "7.4"]
[White "Gabriel, Irineia G"]
[Black "Bengoa Feliciano, Katsi M"]
[Result "1-0"]
[WhiteElo "1652"]
[BlackElo "1274"]
[PlyCount "67"]
[EventDate "2018.09.24"]
[EventType "team-swiss"]
[EventRounds "11"]
[EventCountry "GEO"]
[SourceTitle "Ajedrez en Madrid"]
[Source "lmi"]
[SourceDate "2018.09.24"]
[WhiteTeam "Angola"]
[BlackTeam "Puerto Rico"]
[WhiteTeamCountry "ANG"]
[BlackTeamCountry "PUR"]

1. e4 e5 2. Nf3 Nc6 3. d4 d6 4. dxe5 dxe5 5. Qxd8+ Kxd8 6. Bc4 Ke7 7. Nc3 Bg4
8. Ng5 Be6 9. Nxe6 fxe6 10. Bg5+ Nf6 11. O-O-O Nd4 12. f4 Nc6 13. f5 Nd4 14.
fxe6 c6 15. Rhf1 b5 16. Bb3 a5 17. a4 b4 18. Nb1 Rd8 19. Bc4 Rd6 20. c3 bxc3
21. bxc3 Nxe6 22. Rxd6 Kxd6 23. Bxf6 Kc5 24. Bxe6 Kd6 25. Bxg7 Bxg7 26. Ba2 Rg8
27. Bxg8 Ke7 28. Bxh7 Bh6+ 29. Kc2 Bf4 30. g3 Be3 31. h4 Bh6 32. g4 Bg7 33. g5
Ke6 34. Bg8+ 1-0

[Event "43. Olimpiada Batumi 2018 Femenina"]
[Site "Batumi GEO"]
[Date "2018.10.01"]
[Round "7.1"]
[White "Perez Rodriguez, Jennifer"]
[Black "Mutesi, Phiona"]
[Result "1-0"]
[WhiteElo "2159"]
[BlackElo "1637"]
[PlyCount "58"]
[EventDate "2018.09.24"]
[EventType "team-swiss"]
[EventRounds "11"]
[EventCountry "GEO"]
[SourceTitle "Ajedrez en Madrid"]
[Source "lmi"]
[SourceDate "2018.09.24"]
[WhiteTeam "Paraguay"]
[BlackTeam "Uganda"]
[WhiteTeamCountry "PAR"]
[BlackTeamCountry "UGA"]

1. e4 e6 2. d4 d5 3. Bd3 Nf6 4. e5 Nfd7 5. f4 c5 6. c3 Nc6 7. Nf3 Qb6 8. Bc2
cxd4 9. cxd4 f6 10. O-O Be7 11. Nc3 O-O 12. Kh1 Rf7 13. Rb1 a6 14. Ne2 Nf8 15.
Be3 Bd7 16. b4 Rc8 17. a3 h6 18. g4 fxe5 19. fxe5 Be8 20. Qd2 Qd8 21. Nf4 Bd7
22. Ng6 Nh7 23. Qd3 Ng5 24. Nxe7+ Nxe7 25. Nxg5 hxg5 26. Qh7+ Kf8 27. Rxf7+
Kxf7 28. Rf1+ Nf5 29. gxf5 exf5 1-0